Managing Cultural Diversity at Work (Record no. 6219)

MARC details
000 -LEADER
fixed length control field 00439nam a2200169Ia 4500
008 - FIXED-LENGTH DATA ELEMENTS--GENERAL INFORMATION
fixed length control field 221030s9999 xx 000 0 und d
020 ## - INTERNATIONAL STANDARD BOOK NUMBER
ISBN 8175540117
041 ## - LANGUAGE CODE
Language code of text/sound track or separate title
082 ## - DEWEY DECIMAL CLASSIFICATION NUMBER
Classification number 105.23
100 ## - MAIN ENTRY--AUTHOR NAME
Personal name K. H. Ansari
245 #0 - TITLE STATEMENT
Title Managing Cultural Diversity at Work
Statement of responsibility, etc by K. H. Ansari, J. Jackson
260 ## - PUBLICATION, DISTRIBUTION, ETC. (IMPRINT)
Name of publisher Kogan Page India Pvt. Ltd,
Place of publication Delhi
Year of publication 1997
300 ## - PHYSICAL DESCRIPTION
Number of Pages 126
650 ## - SUBJECT ADDED ENTRY--TOPICAL TERM
Topical Term Management
700 ## - ADDED ENTRY--PERSONAL NAME
Personal name J. Jackson
942 ## - ADDED ENTRY ELEMENTS (KOHA)
Koha item type Books
Holdings
Accession Number Cost, normal purchase price Full call number Price effective from Koha item type Withdrawn / writtenoff status Materials specified (bound volume or other part) Damaged status Not for loan Permanent Location Current Location Shelving location Date acquired Lost/ Missing status department
MBA 1270 80.00 105.23 10/30/2022 Books   Print   Not For Loan MIET Library, Jammu MIET Library, Jammu BL-Academic Block B, FL-1, CUP-67, SH-3, R-3 09/26/2009   MBA
MBA 1271 60.00 105.23 10/30/2022 Books   Print     MIET Library, Jammu MIET Library, Jammu BL-Academic Block B, FL-1, CUP-61, SH-6, R-6 09/26/2009   MBA
MBA 1272 80.00 105.23 10/30/2022 Books   Print     MIET Library, Jammu MIET Library, Jammu BL-Academic Block B, FL-1, CUP-61, SH-6, R-6 09/26/2009   MBA
MBA 1273 80.00 105.23 10/30/2022 Books   Print     MIET Library, Jammu MIET Library, Jammu BL-Academic Block B, FL-1, CUP-61, SH-6, R-6 09/26/2009   MBA
MBA 1274 80.00 105.23 10/30/2022 Books   Print     MIET Library, Jammu MIET Library, Jammu BL-Academic Block B, FL-1, CUP-61, SH-6, R-6 09/26/2009   MBA